000 00737nam a2200325Ia 4500
008 210210b2010 xxu||||| |||| 00| 0 eng d
020 _a9781741755992
041 _aeng
082 _a659.1 SUTA
100 _aSUTHERLAND (Max)
245 _aAdvertising and the mind of the consumer: what works, what doesnt, and why Rev Ed 3
250 _a
260 _aAustralia
_bAllen & Unwin
_c2010
300 _axii,366
650 _aworks,
650 _awhy
650 _awhat
650 _athe
650 _aRev
650 _aof
650 _amind
650 _aEd
650 _adoesnt,
650 _aconsumer:
650 _aand
650 _aAdvertising
650 _a3
690 _aAdvertising
906 _a065270
999 _c142578
_d142578